[Event "Africa-ch U12"]
[Site "Windhoek"]
[Date "2019.12.21"]
[Round "9.6"]
[White "Oabile, Romeo"]
[Black "Boshoma, Chifundo"]
[Result "1-0"]
[WhiteElo "1206"]
[BlackElo "1153"]
[PlyCount "48"]
[EventDate "2019.12.16"]
[EventType "swiss"]
[EventRounds "9"]
[EventCountry "NAM"]
[SourceTitle "EXT 2024"]
[Source "ChessBase"]
[SourceDate "2023.10.10"]
[SourceVersion "1"]
[SourceVersionDate "2023.10.10"]
[SourceQuality "1"]

1. e4 c6 2. d3 d5 3. Nd2 dxe4 4. dxe4 Nf6 5. Ngf3 Bg4 6. h3 Bh5 7. Bd3 Nbd7 8. 0-0 e6 9. Re1 Ne5 10. Be2 Nxf3+ 11. Bxf3 Bxf3 12. Qxf3 Bc5 13. Nf1 0-0 14. Bg5 Be7 15. Rad1 Qc7 16. Qc3 Nxe4 17. Rxe4 Bxg5 18. Rg4 Bf6 19. Qxf6 g6 20. Ng3 Rfd8 21. Re1 Rd6 22. Nh5 Kf8 23. Qh8+ Ke7 24. Qxa8 b6 1-0

[Event "Africa-ch U12"]
[Site "Windhoek"]
[Date "2019.12.20"]
[Round "7.9"]
[White "Boshoma, Chifundo"]
[Black "Mawire, Tawananyasha"]
[Result "1-0"]
[WhiteElo "1153"]
[BlackElo "1409"]
[PlyCount "99"]
[EventDate "2019.12.16"]
[EventType "swiss"]
[EventRounds "9"]
[EventCountry "NAM"]
[SourceTitle "EXT 2024"]
[Source "ChessBase"]
[SourceDate "2023.10.10"]
[SourceVersion "1"]
[SourceVersionDate "2023.10.10"]
[SourceQuality "1"]

1. e4 c5 2. Nf3 e6 3. d4 cxd4 4. Nxd4 a6 5. Bd3 Nf6 6. 0-0 Qc7 7. Qe2 d6 8. c4 g6 9. Nc3 Bg7 10. Be3 0-0 11. f4 Nbd7 12. Kh1 Nc5 13. Bc2 Rd8 14. b3 b6 15. Bf2 Bb7 16. Rad1 Rac8 17. Bh4 Re8 18. Kg1 Bc6 19. Nxc6 Qxc6 20. e5 Nfd7 21. Rxd6 Qc7 22. Rdd1 Qb7 23. Ne4 Nxe4 24. Bxe4 Qa7 25. Bf2 Qc7 26. Kh1 Nc5 27. Bxc5 bxc5 28. Rd6 a5 29. Rc6 Qa7 30. Rxc8 Rxc8 31. Rd1 a4 32. Kg1 axb3 33. axb3 Qb6 34. Qf3 Rb8 35. Bc2 Qb4 36. Kf1 Qa5 37. Qe3 Qa2 38. Qc3 Qa6 39. Kf2 Bh6 40. g3 Kg7 41. Ra1 Qb6 42. Rd1 g5 43. Qd3 f5 44. exf6+ Kxf6 45. fxg5+ Kxg5 46. Qe3+ Kg4 47. h3+ Kxh3 48. Qxh6+ Kg4 49. Qg7+ Kh5 50. Rh1# 1-0

[Event "Africa-ch U12"]
[Site "Windhoek"]
[Date "2019.12.16"]
[Round "1.3"]
[White "Sonhy, Jaime"]
[Black "Boshoma, Chifundo"]
[Result "0-1"]
[WhiteElo "1561"]
[BlackElo "1153"]
[PlyCount "120"]
[EventDate "2019.12.16"]
[EventType "swiss"]
[EventRounds "9"]
[EventCountry "NAM"]
[SourceTitle "EXT 2024"]
[Source "ChessBase"]
[SourceDate "2023.10.10"]
[SourceVersion "1"]
[SourceVersionDate "2023.10.10"]
[SourceQuality "1"]

1. e4 c6 2. d4 d5 3. Nc3 dxe4 4. Nxe4 Bf5 5. Ng3 Bg6 6. Nf3 Nd7 7. Bc4 e6 8. 0-0 Ngf6 9. Re1 Be7 10. c3 0-0 11. Nh4 Qc7 12. Nxg6 hxg6 13. Qf3 Bd6 14. Be3 Rfe8 15. a3 Nd5 16. Bd3 Nxe3 17. Rxe3 Nf6 18. Bc4 Bf4 19. Re2 Bxg3 20. fxg3 Re7 21. Rae1 Rae8 22. Qf4 Qxf4 23. gxf4 Nd7 24. g4 Kf8 25. Kg2 Nf6 26. h3 Nd5 27. Kf3 Rd7 28. f5 gxf5 29. gxf5 Rde7 30. fxe6 Rxe6 31. Rxe6 Rxe6 32. Rxe6 fxe6 33. Bxd5 exd5 34. Kf4 Ke7 35. Ke5 Kd7 36. Kf5 Ke7 37. Kg6 Kf8 38. h4 Kg8 39. Kf5 Kf7 40. h5 Ke7 41. Kg6 Kf8 42. Kh7 Kf7 43. Kh8 g6 44. hxg6+ Kxg6 45. Kg8 Kf5 46. Kf7 Ke4 47. Ke7 Kd3 48. Kd7 Kc2 49. Kc7 Kxb2 50. Kxb7 Kxc3 51. Kxc6 Kxd4 52. Kb7 Kc4 53. Kxa7 d4 54. a4 d3 55. a5 d2 56. Kb6 d1Q 57. a6 Qd6+ 58. Kb7 Qd5+ 59. Kb8 Qb5+ 60. Ka7 Kc5 0-1